| 000 | 00691nam a2200217 a 4500 | ||
|---|---|---|---|
| 003 | PILC | ||
| 005 | 20160222140040.0 | ||
| 008 | 091207s19uu xx 00 eng d | ||
| 020 | _a9780495600770 | ||
| 050 |
_aBF 713 _b.K13 2010 |
||
| 100 | _aKail, Robert V. | ||
| 245 |
_aHuman development : _ba life-span view / _cRobert V. Kail, John C. Cavanaugh. |
||
| 250 | _a5th edition. | ||
| 260 |
_aAustralia : _bWadsworth Cengage Learning, _c2010. |
||
| 300 |
_a735 pages : _bcolor illustrations ; _c28 cm. |
||
| 500 | _aIncludes glossary, bibliographical references and index. | ||
| 650 | _aHuman development. | ||
| 700 | _aCavanaugh, John C. | ||
| 942 |
_cBK _2lcc _kFOR |
||
| 999 |
_c23739 _d23739 |
||